| 000 | 01091njm a22003257a 4500 | ||
|---|---|---|---|
| 005 | 20100916152644.0 | ||
| 007 | sd ammalaaahaa | ||
| 008 | 100904t xxu||||| |||| 00| 0 Pun d | ||
| 028 |
_aMOCE. 10001 _bODEON |
||
| 028 |
_a2XJN. 1983 _bODEON |
||
| 028 |
_a2XJN. 1984 _bODEON |
||
| 035 | _aGR-02807 | ||
| 040 | _aSED/VEN | ||
| 100 | _91184 | ||
| 245 |
_aSong Side-1; Ambia De Butia Te (Part-1) _bPunjabi / _h[Sound Recording] : |
||
| 246 | _aअंबियाँ दे बुटिया ते | ||
| 260 |
_aDum Dum, India : _bODEON |
||
| 300 |
_aVol.1 sound disc [Gramophone Recording] : _banalog, 33 1/3 rpm ; _c12 in. [LP] _fGramophone Records |
||
| 500 | _aBrief Records | ||
| 500 | _aRecord Labels: ODEON, Black | ||
| 505 | _aSong Side-2; काली कंघी नाल (Part-2) | ||
| 600 | _920259 | ||
| 610 | _920322 | ||
| 650 |
_aClassical Music _xExcerpts _zIndia _918309 |
||
| 700 | _918319 | ||
| 700 | _918320 | ||
| 700 | _920323 | ||
| 942 |
_2ddc _cGR |
||
| 999 |
_c46282 _d46282 |
||